Guidelines for residential subdivision street design : proposed revisions to a recommended practice. Recommended guidelines for subdivision streets : a recommended practice.

Bibliographic Details
Corporate Author: ITE Technical Council Committee 5A-25
Format: Book
Language:English
Published: Washington, D.C. : Institute of Transportation Engineers, [1990]
Series:ITE publication ; no. RP-011B.
Subjects:

MARC

Tag First Indicator Second Indicator Subfields
LEADER 00000cam a2200000 a 4500
001 in00000976813
005 20150927113110.0
008 930311s1990 dcua b 000 0 eng d
035 |a (OCoLC)27715521 
035 |9 AEW5812AM 
040 |a AZS  |c AZS  |d TXA  |d UtOrBLW 
049 |a TXAM 
090 |a TE279  |b .G85 1990 
245 0 0 |a Guidelines for residential subdivision street design :  |b proposed revisions to a recommended practice. Recommended guidelines for subdivision streets : a recommended practice. 
246 3 0 |a Recommended guidelines for subdivision streets 
264 1 |a Washington, D.C. :  |b Institute of Transportation Engineers,  |c [1990] 
264 4 |c ©1990 
300 |a 43, vi, 17 pages :  |b illustrations ;  |c 28 cm. 
336 |a text  |b txt  |2 rdacontent 
337 |a unmediated  |b n  |2 rdamedia 
338 |a volume  |b nc  |2 rdacarrier 
490 1 |a ITE publ. ;  |v no. RP-011B 
500 |a Cover title. 
500 |a Prepared by Technical Council Committee 5A-25. 
500 |a "Both the revised report and its predecessor are included in this publication."--P. [1] 
500 |a Draft report dated September 1989. 
504 |a Includes bibliographical references. 
650 0 |a Streets  |x Design and construction. 
710 2 |a ITE Technical Council Committee 5A-25. 
740 0 |a Recommended guidelines for subdivision streets. 
830 0 |a ITE publication ;  |v no. RP-011B. 
948 |a c:pk 
999 |a MARS 
999 f f |s 3fb84537-ad09-35e6-b3d8-fb4fb39552ca  |i 465b33ab-7014-3688-a699-d055d39f2666  |t 0 
952 f f |p ric  |a Texas A&M University  |b Rellis Campus  |c Joint Library Facility  |d Remote Storage  |t 0  |e TE279 .G85 1990  |h Library of Congress classification  |i unmediated -- volume  |m A14823388979 
998 f f |a TE279 .G85 1990  |t 0  |l Remote Storage